La erosión eólica y medidas para combatirla en los suelos agrícolas
| Main Author: | |
|---|---|
| Format: | Section = Libro |
| Language: | Undetermined Spanish |
| Published: |
Roma
FAO
1961
|
| Subjects: |
| LEADER | 00518nam a2200169Ia 4500 | ||
|---|---|---|---|
| 008 | 240830s9999 xx 000 0 und d | ||
| 040 | |a B-ESTELÍ- RUACS / 551.302 O68 | ||
| 041 | |a spa | ||
| 082 | |a 551.302 O68 | ||
| 100 | 1 | |a Organización de las naciones unidas para la agricultura y la alimentación | |
| 245 | 1 | 0 | |a La erosión eólica y medidas para combatirla en los suelos agrícolas |
| 260 | |a Roma |b FAO |c 1961 | ||
| 300 | |a 96 p. | ||
| 650 | 7 | |a EROSIÓN EÓLICA I | |
| 942 | |c BK |2 ddc | ||
| 991 | |a TEXTO | ||
| 999 | |c 11070 | ||